| 000 | 01385na a2200361 4500 | ||
|---|---|---|---|
| 001 | 18117 | ||
| 003 | MIRAKIL | ||
| 005 | 20181213155231.0 | ||
| 008 | 161111b tu 000 0 | ||
| 035 | _a18117 | ||
| 040 |
_aMilas _btur _cTR-AnCHP |
||
| 041 | _atur | ||
| 082 |
_aCHP 324.2372 _bC36o 2010 |
||
| 090 | _aCHP 324.2372 C36o 2010 | ||
| 111 |
_aCHP Olağanüstü Kurultayı _cAnkara _d18 Aralık 2010 _n15. |
||
| 222 | _a15. Olağanüstü Kurultay çalışma raporu | ||
| 245 |
_aÇalışma raporu _b15. Olağanüstü Kurultay : 18 Aralık 2010/Ankara _cCumhuriyet Halk Partisi |
||
| 246 | _aCHP 15. Olağanüstü Kurultayı | ||
| 246 | _a15. Olağanüstü Kurultay : 18 Aralık 2010/Ankara | ||
| 260 |
_aAnkara _bCHP _c2010 |
||
| 300 |
_a242, [10] s. _brnkl. fotg. _c29 sm. |
||
| 490 | _aCumhuriyet Halk Partisi yayınları | ||
| 500 | _aDış kapakta yapıt adı : 15. Olağanüstü Kurultay : 18 Aralık 2010/Ankara : Çalışma raporu | ||
| 610 |
_aCumhuriyet Halk Partisi _xKurultaylar _yÇalışma raporları |
||
| 610 |
_aCumhuriyet Halk Partisi _xOlağanüstü kurultaylar, 2010 |
||
| 651 |
_aTürkiye _xSiyaset ve yönetim _y2010-2014 |
||
| 657 | _aCHP olağanüstü kurultayları | ||
| 657 | _aCHP kurultayları | ||
| 740 | _aCHP 15. Olağanüstü Kurultayı | ||
| 740 | _a15. Olağanüstü Kurultay | ||
| 830 | _aCHP yayınları | ||
| 942 |
_2ddc _cBKS |
||
| 999 |
_c8984 _d8984 |
||